01009nam a22002651 450000100060000000300080000600500170001400800390003103500190007003500180008904000510010704100080015808200200016610000410018624500900022726000550031730000210037250400660039365000320045965000450049165100450053694200120058199900170059395201330061023007BD-RjUL20211209000900.0140310s1952 cau b 000 0 eng a(BD-RjUL)23072 a(OCoLC)342486 aDLCcOClWdOCoLCdODaWUdUkdDLCdBD-RjULbeng aeng a917.3bMOA 19521 aMosier, Richard David,d1917-97096814aThe American temper :bpatterns of our intellectual heritage /cRichard David Mosier. aBerkeley :bUniversity of California Press,c1952. a306 p. ;c24 cm. aBibliographical references included in "Notes" (p. [303]-306) 0aPhilosophy, American.95487 0aReligious thoughtzUnited States.970969 0aUnited StatesxIntellectual life.970970 2ddccBK c23007d23007 00102ddc40728NFICaRUCLbRUCLcReadingd1958-02-24eUSIS, Dhakal0o917.3 MOA 1952r2014-03-10 00:00:00tC-1w2014-03-10yBK